Με ζέση : η ιστορία της Ραζάν Ζαϊτούνε, Σύριας δικηγόρου

Αποθηκεύτηκε σε:
Λεπτομέρειες βιβλιογραφικής εγγραφής
Κύριος συγγραφέας: Augier, Justine
Μορφή: Βιβλίο
Γλώσσα:Greek
French
Δημοσίευση: Αθήνα : Πόλις, 2020.
Θέματα:
Ετικέτες: Προσθήκη ετικέτας
Δεν υπάρχουν, Καταχωρήστε ετικέτα πρώτοι!

MARC

LEADER 00000cam a2200000 a 4500
001 1/122169
008 200930s2020####gr | ||| |||| ||gre||
020 |a 9789604357086 
040 |a GR-MyUa  |b gre  |c GR-MyUa  |e AACR2 
041 1 |a gre  |h fre 
082 7 |a 920   |2 (23) 
100 1 |a Augier, Justine. 
245 1 0 |a Με ζέση :   |b η ιστορία της Ραζάν Ζαϊτούνε, Σύριας δικηγόρου /   |c Justine Augier ; μετάφραση Αριάδνη Μοσχονά. 
260 |a Αθήνα :   |b Πόλις,   |c 2020. 
300 |a 377 σ. ;   |c 21 εκ. 
500 |a Τίτλος πρωτοτύπου: De l' ardeur : histoire de Razan Zaitouneh, avocate syrienne. 
504 |a Περιλαμβάνει βιβλιογραφικές παραπομπές. 
600 1 0 |a Zaitouneh, Razan. 
650 0 |a Human rights workers  |z Syria  |x Biography. 
650 0 |a Lawyers  |z Syria  |x Biography. 
651 0 |a Syria  |x History  |y Civil War, 2011-  |z Biography. 
852 |a INST  |b SYROS  |e 20200930  |h 920 AUG  |p 005500014787  |q 005500014787  |t BK  |y 0 
920 |a Τυροβολάς  |b Ιωάννης  |y Σύρος  |z 2020-09 
970 |a Κοντού  |b Παρασκευή  |z 30/09/2020